000 00903nam a2200205Ia 4500
003 Ost
005 20260507075635.0
008 260507s9999||||xx |||||||||||||| ||und||
020 _a7007329957
040 _cfsecg
041 _aara
082 _a346.07
100 _aالبياتي، سعد الله محمد
_eمؤلف
245 0 _aالنظام القانوني للرسوم والنماذج الصناعية :
_bدراسة قانونية مقارنة /
_c سعد الله محمد البياتي
260 _aعمان:
_bدار الحامد للنشر والتوزيع,
_c2002
300 _a181 صفحة؛
_bإيضاحات ؛
_c24 سم
520 _aماهية الرسوم والنماذج الصناعي- ملكية الرسوم والنماذج وحمايتها القانونية للرسوم والنماذج الصناعة
653 _aالقانون التجاري
942 _cكتاب
999 _c45280
_d45280